00478 2200169 4500001002100000008004100021035002000062245007800082260003800160300002500198020002200223084001400245082001000259650001700269990001100286990001100297INLIS000000000014935 ind  a0010-1222000014 aIslamic Wisdoms: Temui Ibu, Nak. Seakli Ini Sajacpenyunting, Dendi Irfan aDepok :bSenja Media Utama,c2021 axii, 212 hlmc19 cm. a978-602-6563-85-9 a297.5 TEM a297.5 aISLAM.AKHLAK a9932 a a9932 b